[Event "Gibraltar Masters"]
[Site "Catalan Bay ENG"]
[Date "2004.01.27"]
[EventDate "2004.01.27"]
[Round "1"]
[Result "1-0"]
[White "Antoaneta Stefanova"]
[Black "Pentala Harikrishna"]
[WhiteElo "2478"]
[BlackElo "2582"]
[PlyCount "91"]

1. d4 d5 2. c4 dxc4 3. e4 Nf6 4. e5 Nd5 5. Bxc4 Nc6 6. Ne2 Nb6
7. Bb3 Bg4 8. f3 Bf5 9. Nbc3 e6 10. O-O Na5 11. Bc2 Bxc2
12. Qxc2 Nc6 13. Be3 Nb4 14. Qb3 Be7 15. a3 N4d5 16. Bf2 Nxc3
17. Nxc3 O-O 18. d5 exd5 19. Bxb6 axb6 20. Nxd5 Bc5+ 21. Kh1
Bd4 22. Rad1 c5 23. f4 Rc8 24. Nxb6 Rc6 25. Nc4 Qc7 26. Rd2 g6
27. a4 Kg7 28. Rc2 Rd8 29. Qf3 Qd7 30. b3 Qd5 31. g4 Bc3
32. Nd6 Qxf3+ 33. Rxf3 Bb4 34. f5 c4 35. Nxc4 Rd4 36. h3 Kf8
37. fxg6 hxg6 38. e6 Rc7 39. Rcf2 f5 40. gxf5 gxf5 41. Rxf5+
Ke8 42. Rf7 Kd8 43. Rxc7 Kxc7 44. Rf7+ Kc8 45. Nb6+ Kd8
46. Rxb7 1-0

[Event "Gibraltar Masters"]
[Site "Catalan Bay ENG"]
[Date "2004.01.28"]
[EventDate "2004.01.27"]
[Round "2"]
[Result "1/2-1/2"]
[White "Joseph G Gallagher"]
[Black "Antoaneta Stefanova"]
[WhiteElo "2524"]
[BlackElo "2478"]
[PlyCount "32"]

1. e4 e5 2. Nf3 Nc6 3. Bb5 a6 4. Ba4 Nf6 5. O-O b5 6. Bb3 Bb7
7. c3 Nxe4 8. d4 exd4 9. Re1 Na5 10. Nxd4 Nxb3 11. axb3 Bd6
12. Nd2 Bxh2+ 13. Kxh2 Qh4+ 14. Kg1 Qxf2+ 15. Kh1 Qh4+ 16. Kg1
Qf2+ 1/2-1/2

[Event "Gibraltar Masters"]
[Site "Catalan Bay ENG"]
[Date "2004.01.30"]
[EventDate "2004.01.27"]
[Round "4"]
[Result "0-1"]
[White "John K Shaw"]
[Black "Antoaneta Stefanova"]
[WhiteElo "2465"]
[BlackElo "2478"]
[PlyCount "86"]

1. e4 e5 2. Nf3 Nc6 3. Bb5 a6 4. Bxc6 dxc6 5. O-O f6 6. d4
exd4 7. Nxd4 c5 8. Ne2 Qxd1 9. Rxd1 Bd7 10. Nbc3 O-O-O 11. Be3
Re8 12. Rd2 Bc6 13. Rad1 b6 14. f3 Ne7 15. Nf4 Ng6 16. Nxg6
hxg6 17. Bf4 Be7 18. Nd5 Bd8 19. c4 f5 20. Re2 g5 21. Bg3 Rh6
22. Rde1 f4 23. Bf2 Bd7 24. h3 Reh8 25. Kf1 c6 26. Nc3 Be6
27. b3 Bxh3 28. gxh3 Rxh3 29. Rd2 Rxf3 30. Nd1 g4 31. Ke2 Re8
32. Rd3 Rxe4+ 33. Kd2 Rxe1 34. Bxe1 Rf1 35. Ke2 Rh1 36. Bc3
f3+ 37. Kf2 Bh4+ 38. Ke3 Rf1 39. Bxg7 g3 40. Be5 g2 41. Bh2 f2
42. Nxf2 Bxf2+ 43. Ke2 Bd4 0-1

[Event "Gibraltar Masters"]
[Site "Catalan Bay ENG"]
[Date "2004.01.31"]
[EventDate "2004.01.27"]
[Round "5"]
[Result "1/2-1/2"]
[White "Antoaneta Stefanova"]
[Black "Jonathan Speelman"]
[WhiteElo "2478"]
[BlackElo "2578"]
[PlyCount "42"]

1. d4 Nf6 2. c4 e6 3. g3 d5 4. Nf3 Be7 5. Bg2 O-O 6. O-O dxc4
7. Qc2 a6 8. a4 Bd7 9. Qxc4 Bc6 10. Bg5 Bd5 11. Qc2 Be4
12. Qc1 Nc6 13. Rd1 Nd5 14. Bxe7 Qxe7 15. Ne5 Bxg2 16. Nxc6
bxc6 17. Kxg2 Rab8 18. Nd2 Qb4 19. Nc4 Rfd8 20. Kg1 Ne7
21. Qc2 h6 1/2-1/2

[Event "Gibraltar Masters"]
[Site "Catalan Bay ENG"]
[Date "2004.02.02"]
[EventDate "2004.01.27"]
[Round "7"]
[Result "1-0"]
[White "Vladimir Epishin"]
[Black "Antoaneta Stefanova"]
[WhiteElo "2633"]
[BlackElo "2478"]
[PlyCount "73"]

1. d4 d5 2. c4 c6 3. Nf3 Nf6 4. Nc3 a6 5. e3 Bf5 6. Bd3 Bxd3
7. Qxd3 e6 8. O-O Nbd7 9. e4 dxe4 10. Nxe4 Nxe4 11. Qxe4 Be7
12. Rd1 O-O 13. Qe1 Qc7 14. g3 Rfe8 15. Bf4 Bd6 16. Bxd6 Qxd6
17. Rd3 Nf8 18. Rad1 Ng6 19. h4 Ne7 20. h5 b5 21. b3 a5
22. Qe4 h6 23. Ne5 a4 24. Rf3 f6 25. Nd3 axb3 26. axb3 bxc4
27. bxc4 Ra4 28. Re1 Ra3 29. Rfe3 Ra4 30. Qg4 f5 31. Qf4 Rd8
32. Ne5 c5 33. dxc5 Qxc5 34. Rb3 Qc7 35. Qe3 Nc6 36. Rd3 Rxd3
37. Nxd3 1-0

[Event "Gibraltar Masters"]
[Site "Catalan Bay ENG"]
[Date "2004.02.03"]
[EventDate "2004.01.27"]
[Round "8"]
[Result "1-0"]
[White "Antoaneta Stefanova"]
[Black "Christian Harstad"]
[WhiteElo "2478"]
[BlackElo "2113"]
[PlyCount "103"]

1. d4 Nf6 2. Bg5 Ne4 3. Bf4 d5 4. e3 Bf5 5. f3 Nf6 6. c4 Bxb1
7. Rxb1 e6 8. Qb3 Qc8 9. Rc1 Nc6 10. cxd5 Bb4+ 11. Kf2 Nxd5
12. Bb5 O-O 13. Ne2 Nxf4 14. Nxf4 Bd6 15. Bxc6 bxc6 16. Nd3
Qa6 17. Rc4 Qa5 18. Ke2 Rab8 19. Qa4 Qg5 20. g3 e5 21. dxe5
Bxe5 22. Rc5 Rfe8 23. Qxc6 Qd8 24. Rd5 Bd6 25. Qc3 Qd7 26. Ra5
Qh3 27. Rg5 Qg2+ 28. Nf2 f6 29. Rb5 Rbd8 30. Qc1 Re7 31. Qf1
Qxf1+ 32. Rxf1 Rde8 33. e4 g6 34. Rd1 f5 35. Kf1 Re5 36. Rb7
Rc5 37. Rd2 Ra5 38. a3 Ra6 39. Re2 Ra4 40. Rd2 a6 41. Rd5 f4
42. g4 Rc4 43. Nd3 Rc2 44. e5 Bf8 45. Nxf4 Rxh2 46. Nd3 Rc2
47. Rd7 Bg7 48. f4 Rc4 49. Rbxc7 Rxc7 50. Rxc7 g5 51. fxg5
Rf8+ 52. Ke2 1-0

[Event "Gibraltar Masters"]
[Site "Catalan Bay ENG"]
[Date "2004.02.05"]
[EventDate "2004.01.27"]
[Round "10"]
[Result "1/2-1/2"]
[White "Antoaneta Stefanova"]
[Black "Till Wippermann"]
[WhiteElo "2478"]
[BlackElo "2353"]
[PlyCount "82"]

1. d4 Nf6 2. Bg5 b6 3. Bxf6 exf6 4. c4 Bb7 5. Nc3 f5 6. e3 g6
7. Nge2 Bg7 8. d5 O-O 9. g3 c5 10. dxc6 dxc6 11. Bg2 Qc7
12. Qc2 Na6 13. a3 Nc5 14. O-O Rad8 15. Rad1 Ne6 16. b4 Ba6
17. Qb3 Rxd1 18. Rxd1 Rd8 19. Rxd8+ Nxd8 20. b5 Bc8 21. bxc6
Nxc6 22. Qa4 Bd7 23. Nb5 Ne5 24. Bd5 Bf8 25. Nec3 Bxb5
26. Nxb5 Qe7 27. Qa6 Ng4 28. Nxa7 Nxe3 29. Nc6 Qc5 30. Qb7
Nxd5 31. cxd5 Kg7 32. Ne5 Be7 33. a4 Qd6 34. Nd3 Qa3 35. Nf4
g5 36. Nh3 Bc5 37. Qd7 g4 38. Nf4 Qf3 39. Ne6+ Kh6 40. Nxc5
Qd1+ 41. Kg2 Qf3+ 1/2-1/2

[Event "Makita - Lakoni GM"]
[Site "Jakarta IND"]
[Date "2004.02.17"]
[EventDate "2004.02.16"]
[Round "2"]
[Result "0-1"]
[White "Susanto Megaranto"]
[Black "Antoaneta Stefanova"]
[WhiteElo "2458"]
[BlackElo "2478"]
[PlyCount "128"]

1. e4 e5 2. Nf3 Nc6 3. Bb5 a6 4. Ba4 Nf6 5. O-O b5 6. Bb3 Bb7
7. Re1 Bc5 8. c3 d6 9. d4 Bb6 10. a4 h6 11. axb5 axb5 12. Rxa8
Qxa8 13. Na3 O-O 14. Nxb5 Na5 15. Bc2 Bxe4 16. Bxe4 Nxe4
17. Qe2 f5 18. b4 Nc6 19. Qc4+ Kh7 20. Be3 exd4 21. Nbxd4 Nxd4
22. Bxd4 c5 23. bxc5 Bxc5 24. h4 d5 25. Qd3 Qa3 26. Qe3 Bxd4
27. cxd4 Qxe3 28. fxe3 Ra8 29. h5 Ng3 30. Nh4 Re8 31. Kf2 Nxh5
32. Ra1 f4 33. exf4 Nxf4 34. Ra7 Re4 35. g3 Ne6 36. Nf5 Kg6
37. Ne7+ Kh5 38. Nxd5 Rxd4 39. Ne3 Rd2+ 40. Ke1 Rb2 41. Re7
Nd4 42. Kf1 Kg6 43. Re4 Nf3 44. Rg4+ Ng5 45. Ra4 Kh7 46. g4
Nh3 47. Ra7 Rf2+ 48. Ke1 Rf4 49. Ke2 Ng1+ 50. Kd3 Nf3 51. Re7
Kg6 52. Re4 Ne1+ 53. Kd4 Kg5 54. Rxf4 Kxf4 55. Nf5 h5 56. Nxg7
h4 57. Nh5+ Kxg4 58. Nf6+ Kf3 59. Ne4 Kg2 60. Ke3 h3 61. Nf2
h2 62. Nh1 Nc2+ 63. Ke2 Nd4+ 64. Ke1 Nf5 0-1

[Event "Makita - Lakoni GM"]
[Site "Jakarta IND"]
[Date "2004.02.19"]
[EventDate "2004.02.16"]
[Round "4"]
[Result "1-0"]
[White "Antoaneta Stefanova"]
[Black "Denny Juswanto"]
[WhiteElo "2478"]
[BlackElo "2505"]
[PlyCount "85"]

1. d4 Nf6 2. Bg5 Ne4 3. Bf4 d5 4. e3 c5 5. Bd3 Nd6 6. dxc5
Qa5+ 7. Nc3 Nc4 8. Nge2 Nc6 9. Bxc4 dxc4 10. Nd4 Bd7 11. Qh5
g6 12. Qd5 Bg7 13. O-O-O Rd8 14. Qxc4 Nxd4 15. exd4 O-O
16. Rhe1 b5 17. cxb6 axb6 18. Rxe7 Qf5 19. g3 b5 20. Qb4 Rc8
21. Re2 Qh5 22. Red2 Rfe8 23. h4 Bf8 24. Qb3 Rc4 25. a3 Qf3
26. Kb1 Qb7 27. d5 Rec8 28. Be3 Bg7 29. Bd4 Bxd4 30. Rxd4 Qb6
31. Rxc4 Rxc4 32. Rd2 Qc5 33. Nd1 b4 34. Ne3 Re4 35. Qd3 Bf5
36. axb4 Qxb4 37. Nxf5 Re1+ 38. Rd1 gxf5 39. d6 Qe4 40. Qd2
Re2 41. Qc3 Qe8 42. d7 Qd8 43. Qc8 1-0

[Event "Makita - Lakoni GM"]
[Site "Jakarta IND"]
[Date "2004.02.20"]
[EventDate "2004.02.16"]
[Round "5"]
[Result "1/2-1/2"]
[White "Hoang Thanh Trang"]
[Black "Antoaneta Stefanova"]
[WhiteElo "2447"]
[BlackElo "2478"]
[PlyCount "89"]

1. d4 d5 2. c4 c6 3. Nf3 Nf6 4. Nc3 a6 5. Qb3 dxc4 6. Qxc4 b5
7. Qd3 e6 8. e4 Nbd7 9. Bg5 Qa5 10. Be2 c5 11. O-O cxd4
12. Nxd4 b4 13. Bxf6 Nxf6 14. Nb3 Qe5 15. f4 Qc7 16. Nd1 Bb7
17. e5 Rd8 18. Qe3 Nd5 19. Qf2 Be7 20. Rc1 Qd7 21. Ne3 O-O
22. Nc4 Bc6 23. Nb6 Nxb6 24. Qxb6 Bd5 25. Rc7 Qe8 26. Kh1 f6
27. Bf3 Rb8 28. Qxa6 Ra8 29. Ra7 Rxa7 30. Qxa7 fxe5 31. fxe5
Qb5 32. Rg1 Rxf3 33. Nd4 Bc5 34. Qxg7+ Kxg7 35. gxf3+ Kf8
36. Nxb5 Bxf3+ 37. Rg2 Ke7 38. h3 Kd7 39. Kh2 Bxg2 40. Kxg2
Kc6 41. a4 bxa3 42. Nxa3 Kd5 43. Kf3 Kxe5 44. Nc2 Kd5 45. Ne3+
1/2-1/2

[Event "Makita - Lakoni GM"]
[Site "Jakarta IND"]
[Date "2004.02.22"]
[EventDate "2004.02.16"]
[Round "7"]
[Result "1-0"]
[White "Antoaneta Stefanova"]
[Black "Susanto Megaranto"]
[WhiteElo "2478"]
[BlackElo "2458"]
[PlyCount "123"]

1. c4 e6 2. g3 Nf6 3. Bg2 d5 4. Nf3 Be7 5. O-O O-O 6. d4 Nbd7
7. Qc2 c6 8. Nbd2 b6 9. e4 Bb7 10. e5 Ne8 11. h4 Nc7 12. Re1
c5 13. b3 Rc8 14. Bb2 dxc4 15. bxc4 cxd4 16. Bxd4 Na6 17. Ne4
Nb4 18. Qe2 Bxe4 19. Qxe4 Rxc4 20. Red1 Qc7 21. Bf1 Qc6
22. Qg4 f5 23. exf6 Nxf6 24. Qh3 Rc2 25. a3 Nbd5 26. Bd3 Rc3
27. Ne5 Qc8 28. Bxc3 Nxc3 29. Ba6 Qe8 30. Qxe6+ Kh8 31. Re1
Nfe4 32. Nd3 Bf6 33. Qxe8 Rxe8 34. f3 Nd6 35. Rxe8+ Nxe8
36. Re1 Nc7 37. Bc4 g6 38. Nf4 b5 39. Bb3 a5 40. Nd3 a4
41. Bc2 N7d5 42. Re8+ Kg7 43. Nf4 Bd4+ 44. Kh2 Nxf4 45. gxf4
Kf7 46. Rb8 Be3 47. Rb7+ Ke6 48. Bd3 Bxf4+ 49. Kh3 Bd6
50. Bxb5 Bxa3 51. Bxa4 Be7 52. Bb3+ Kf6 53. Bc4 Na4 54. Kg4
Nc5 55. Rc7 Na4 56. Rc6+ Kg7 57. h5 gxh5+ 58. Kxh5 Nc5 59. Kg4
Nd7 60. Kf5 Nf6 61. Rc7 Kf8 62. Ke6 1-0

[Event "Makita - Lakoni GM"]
[Site "Jakarta IND"]
[Date "2004.02.23"]
[EventDate "2004.02.16"]
[Round "8"]
[Result "0-1"]
[White "Utut Adianto"]
[Black "Antoaneta Stefanova"]
[WhiteElo "2591"]
[BlackElo "2478"]
[PlyCount "126"]

1. d4 d5 2. c4 c6 3. Nc3 Nf6 4. Nf3 a6 5. e3 Bf5 6. Bd3 Bxd3
7. Qxd3 e6 8. O-O Be7 9. e4 O-O 10. e5 dxc4 11. Qxc4 Nd5
12. Ne4 h6 13. Bd2 Nd7 14. Rac1 Rc8 15. Nc5 b6 16. Nxa6 c5
17. a3 Ra8 18. dxc5 bxc5 19. b4 N7b6 20. Qg4 h5 21. Qxh5 Rxa6
22. bxc5 Na8 23. Rc4 f5 24. exf6 Bxf6 25. Ng5 Bxg5 26. Bxg5
Qe8 27. Qh3 Qg6 28. Rg4 Qf5 29. Bh6 Ra7 30. Qg3 Qh7 31. Rg6
Re7 32. Re1 Nac7 33. h4 Rf6 34. Rxf6 Nxf6 35. Bf4 Ncd5 36. Bd6
Re8 37. Qh3 Qc2 38. Qf3 Kf7 39. g3 Ra8 40. Be5 Re8 41. g4 Kg8
42. g5 Nd7 43. Bd4 Rf8 44. Qe4 Qxe4 45. Rxe4 Kf7 46. h5 e5
47. Bxe5 Nxc5 48. Rd4 Rd8 49. g6+ Kf8 50. a4 Ne6 51. Rd1 Ne7
52. Rxd8+ Nxd8 53. a5 Ndc6 54. a6 Nd5 55. Kg2 Nxe5 56. a7 Nc7
57. Kg3 Ke7 58. Kf4 Kf6 59. f3 Nc6 60. Kg4 Nxa7 61. f4 Nc6
62. f5 Nd5 63. Kh4 Nce7 0-1

[Event "Makita - Lakoni GM"]
[Site "Jakarta IND"]
[Date "2004.02.24"]
[EventDate "2004.02.16"]
[Round "9"]
[Result "1/2-1/2"]
[White "Antoaneta Stefanova"]
[Black "Hoang Thanh Trang"]
[WhiteElo "2478"]
[BlackElo "2447"]
[PlyCount "107"]

1. d4 f5 2. Nc3 d5 3. Bf4 Nf6 4. e3 c6 5. Bd3 g6 6. h4 Be6
7. Nf3 Bg7 8. h5 Nbd7 9. h6 Bf8 10. Ng5 Bg8 11. f3 Qa5 12. a3
e6 13. Qd2 Nh5 14. e4 dxe4 15. fxe4 O-O-O 16. Nf3 Nxf4
17. Qxf4 Nf6 18. Nd2 Qc7 19. e5 Nh5 20. Qe3 c5 21. Nb5 cxd4
22. Qe2 Ng3 23. Nxc7 Nxe2 24. Bxe2 Kxc7 25. Nf3 Be7 26. O-O-O
Bf7 27. Bc4 a6 28. Nxd4 Bg5+ 29. Kb1 Rhe8 30. Rd3 Be3 31. Bxe6
Bxe6 32. Nxe6+ Rxe6 33. Rxe3 Rd5 34. Rhe1 f4 35. Rf3 g5 36. g3
fxg3 37. Rf5 g4 38. Rg5 Rxh6 39. Rxg4 Rg6 40. Rxg6 hxg6
41. Rg1 Rxe5 42. Rxg3 g5 43. c4 Kd6 44. Kc2 Ke6 45. Kd3 Kf6
46. Kd4 Re7 47. Kc5 Rg7 48. b4 Ke5 49. Kb6 g4 50. b5 axb5
51. cxb5 Kd4 52. a4 Kc4 53. a5 Rg6+ 54. Kxb7 1/2-1/2

[Event "Makita - Lakoni GM"]
[Site "Jakarta IND"]
[Date "2004.02.25"]
[EventDate "2004.02.16"]
[Round "10"]
[Result "1/2-1/2"]
[White "Denny Juswanto"]
[Black "Antoaneta Stefanova"]
[WhiteElo "2505"]
[BlackElo "2478"]
[PlyCount "103"]

1. d4 d5 2. Nf3 c6 3. c4 Nf6 4. Qc2 g6 5. Bf4 Bg7 6. e3 O-O
7. Nc3 a6 8. c5 Nh5 9. Be2 Nxf4 10. exf4 b6 11. cxb6 Qxb6
12. Rd1 Bg4 13. Ne5 Bf5 14. Qd2 Nd7 15. Na4 Qc7 16. O-O Bh6
17. g4 f6 18. Nxd7 Bxd7 19. g5 Bg7 20. Nc5 Bh3 21. Rfe1 fxg5
22. Qe3 Bc8 23. fxg5 e5 24. Qg3 Qa7 25. b4 exd4 26. Bg4 Bxg4
27. Qxg4 Qf7 28. Qe6 a5 29. a3 axb4 30. axb4 Ra2 31. Nd3 Rc2
32. Kg2 Qxe6 33. Rxe6 Rf5 34. h4 Bf8 35. Re8 Kf7 36. Rb8 h6
37. gxh6 Bxh6 38. Kg3 Bf8 39. Kg4 Rc3 40. f4 Bd6 41. Rb7+ Kg8
42. Rd7 Rf6 43. f5 Bf8 44. fxg6 Rxg6+ 45. Kf4 Bh6+ 46. Kf5 Rg3
47. Ne5 d3 48. Rd8+ Kh7 49. Rd7+ Kg8 50. Rd8+ Kh7 51. Rd7+ Kg8
52. Rd8+ 1/2-1/2

[Event "?"]
[Site "?"]
[Date "2004.03.21"]
[EventDate "?"]
[Round "1.2"]
[Result "1-0"]
[White "Antoaneta Stefanova"]
[Black "Irina Zakurdjaeva"]
[WhiteElo "2478"]
[BlackElo "2244"]
[PlyCount "113"]

1. Nf3 d5 2. g3 Bg4 3. Bg2 Nd7 4. O-O e6 5. d3 Ngf6 6. Qe1 c6
7. e4 dxe4 8. dxe4 e5 9. Nbd2 Bc5 10. h3 Be6 11. b3 Qe7 12. a4
O-O 13. Bb2 Rad8 14. Qe2 Nh5 15. Kh2 g6 16. Nc4 f6 17. Nh4 Nb6
18. Ne3 Bd4 19. c3 Bxe3 20. Qxe3 c5 21. c4 Bf7 22. f4 Nd7
23. Rad1 a5 24. Nf3 b6 25. Rd2 Rfe8 26. Rfd1 Ng7 27. fxe5 Nxe5
28. Rxd8 Rxd8 29. Rxd8+ Qxd8 30. Nxe5 fxe5 31. Bxe5 Ne6 32. h4
Qd1 33. Qf2 Kf8 34. Qf3 Qxf3 35. Bxf3 Ke7 36. Bd1 h6 37. Kg2
g5 38. Kf2 Kd7 39. Bg4 gxh4 40. gxh4 h5 41. Bf5 Kc6 42. Ke3
Kb7 43. Bc3 Kc6 44. e5 Nf8 45. Be4+ Kd7 46. Kf4 Ng6+ 47. Kg5
Nf8 48. Kf6 Be6 49. Bd2 Bg4 50. Bf5+ Bxf5 51. Kxf5 Ne6 52. Be3
Ke7 53. Kg6 Nd4 54. Kxh5 Nxb3 55. Kg6 Nd4 56. h5 Nf3 57. Kf5
1-0

[Event "European Championship"]
[Site "Dresden, Germany"]
[Date "2004.03.31"]
[EventDate "2004.03.21"]
[Round "10"]
[Result "0-1"]
[White "Antoaneta Stefanova"]
[Black "Alexandra Kosteniuk"]
[WhiteElo "2478"]
[BlackElo "2469"]
[PlyCount "156"]

1.d4 d5 2.c4 c6 3.cxd5 cxd5 4.Nc3 Nf6 5.Bf4 Qb6 6.Rc1 Bd7
7.Qd2 Nc6 8.e3 e6 9.Bd3 Nh5 10.Bg5 h6 11.Bh4 g5 12.Qe2 Nxd4
13.Qxh5 Qxb2 14.Qd1 Rc8 15.Qd2 Ba3 16.Rb1 Qxc3 17.Qxc3 Rxc3
18.Kd2 Rc8 19.Bg3 Nc6 20.Rxb7 Nb4 21.Be5 Nxd3 22.Kxd3 Rh7
23.Rxa7 Bb5+ 24.Kd2 Bc5 25.Rb7 Bb4+ 26.Kd1 Ba4+ 27.Ke2 Rc2+
28.Kf3 g4+ 29.Kg3 Be1 30.Nh3 gxh3 31.Rxe1 hxg2 32.Kxg2 Bc6
33.Rc7 d4+ 34.Kg3 d3 35.Bf6 Bd7 36.Ra7 h5 37.Rb1 Rh6 38.Ra8+
Bc8 39.Bh4 e5 40.e4 Rd6 41.Bg5 d2 42.Rd1 Kd7 43.Ra7+ Kc6
44.Rxf7 Ba6 45.Rf5 Be2 46.Rxd2 Rcxd2 47.Bxd2 Rxd2 48.h3 Kd6
49.f3 Rd3 50.a4 h4+ 51.Kg4 Re3 52.a5 Rxe4+ 53.Kg5 Ra4 54.f4 e4
55.Re5 Bf3 56.Kxh4 Ra3 57.Kg3 Bd1+ 58.Kg2 e3 59.h4 e2 60.Kf2
Rf3+ 61.Ke1 Rxf4 62.Re8 Rxh4 63.a6 Rh1+ 64.Kd2 Rh7 65.Rd8+ Kc6
66.Rc8+ Kb6 67.Re8 Kxa6 68.Re5 Kb6 69.Re8 Kc6 70.Ke1 Kd7
71.Re3 Re7 72.Rd3+ Ke8 73.Rh3 Ba4 74.Rh8+ Kd7 75.Ra8 Bb5
76.Ra7+ Kd6 77.Ra3 Rf7 78.Re3 Rf1+ 0-1

[Event "FIDE Women's World Championship"]
[Site "Elista RUS"]
[Date "2004.05.22"]
[EventDate "2004.05.22"]
[Round "1.1"]
[Result "0-1"]
[White "Tan Zhongyi"]
[Black "Antoaneta Stefanova"]
[WhiteElo "2250"]
[BlackElo "2490"]
[PlyCount "88"]

1. d4 d5 2. c4 c6 3. Nf3 Nf6 4. Nc3 a6 5. c5 Nbd7 6. Bf4 Nh5
7. Bd2 Nhf6 8. Bf4 Nh5 9. e3 b6 10. cxb6 Qxb6 11. Qd2 e6
12. Rc1 Nxf4 13. exf4 c5 14. Na4 Qa7 15. dxc5 Nxc5 16. Qd4
Nxa4 17. Rxc8+ Kd7 18. Qxa7+ Rxa7 19. Rc2 Bd6 20. Ne5+ Bxe5
21. fxe5 Rc7 22. Kd2 Rxc2+ 23. Kxc2 Rc8+ 24. Kb1 Rb8 25. b3
Nc3+ 26. Ka1 a5 27. Bd3 h5 28. Kb2 d4 29. Bc4 Kc6 30. f4 g6
31. g3 Kc5 32. h3 a4 33. g4 a3+ 34. Ka1 Rh8 35. g5 Kb4 36. Rh2
Rc8 37. Rd2 Rxc4 38. bxc4 Kxc4 39. h4 d3 40. f5 Ne4 41. fxg6
fxg6 42. Rc2+ Kd4 43. Rd2 Ke3 44. Rd1 Ke2 0-1

[Event "FIDE Women's World Championship"]
[Site "Elista RUS"]
[Date "2004.05.23"]
[EventDate "2004.05.22"]
[Round "1.2"]
[Result "1-0"]
[White "Antoaneta Stefanova"]
[Black "Tan Zhongyi"]
[WhiteElo "2490"]
[BlackElo "2250"]
[PlyCount "67"]

1. d4 Nf6 2. Bg5 Ne4 3. Bf4 c5 4. f3 Qa5+ 5. c3 Nf6 6. Nd2
cxd4 7. Nb3 Qb6 8. Qxd4 Nc6 9. Qxb6 axb6 10. Nd4 e5 11. Nxc6
exf4 12. Nd4 Nd5 13. g3 g5 14. e4 fxe3 15. Bc4 Nc7 16. Ke2 Ne6
17. Nc2 Ra5 18. Nxe3 b5 19. b4 Ra3 20. Bb3 b6 21. Kf2 Bb7
22. Ne2 Bg7 23. Nf5 Be5 24. Rhd1 Bc6 25. Ned4 O-O 26. Ne7+ Kh8
27. Rac1 Bb7 28. Nxb5 Raa8 29. Rxd7 Ba6 30. Nd4 Nxd4 31. cxd4
Bf6 32. Nf5 Rad8 33. Rxd8 Rxd8 34. Rc6 1-0

[Event "FIDE Women's World Championship"]
[Site "Elista RUS"]
[Date "2004.05.24"]
[EventDate "2004.05.22"]
[Round "2.1"]
[Result "1/2-1/2"]
[White "Antoaneta Stefanova"]
[Black "Tatjana Vasilevich"]
[WhiteElo "2490"]
[BlackElo "2386"]
[PlyCount "150"]

1. d4 d5 2. c4 e6 3. Nf3 Nf6 4. g3 dxc4 5. Bg2 a6 6. O-O Nc6
7. e3 Rb8 8. Nfd2 Nd5 9. Nxc4 b5 10. Ncd2 Bb7 11. Nb3 Nb6
12. Nc3 Bd6 13. Ne4 Na4 14. Nxd6+ Qxd6 15. e4 O-O 16. Bf4 Qd7
17. Qc2 Rbc8 18. Rfd1 Ne7 19. Rac1 f5 20. Rd2 Ng6 21. Be5 Nxe5
22. dxe5 Qe7 23. Na5 Bxe4 24. Bxe4 fxe4 25. Nc6 Qf7 26. Qxe4
Nb6 27. f4 g6 28. Qb4 Kh8 29. Qe7 Kg7 30. Qxf7+ Kxf7 31. Nb4
a5 32. Nc6 g5 33. fxg5 Nd5 34. Rc5 Kg6 35. Re2 Kxg5 36. Rxb5
Rf3 37. Nd4 Rd3 38. Nxe6+ Kf5 39. Nc5 Re3 40. Rxe3 Nxe3 41. e6
Ke5 42. Rxa5 Kd6 43. Nd3 Nd5 44. Nc5 Ne3 45. b4 Rf8 46. h4
Rf1+ 47. Kh2 Ng4+ 48. Kh3 Ne3 49. g4 Rf3+ 50. Kh2 Nxg4+
51. Kg2 Rf8 52. Ra6+ Ke7 53. Ra3 Ne5 54. Rg3 Ng6 55. Kg1 Nxh4
56. Rg7+ Kd6 57. Rd7+ Kc6 58. Rxh7 Nf3+ 59. Kg2 Nd4 60. Rh4
Kd5 61. Re4 Re8 62. Kf2 Nc2 63. Kf3 Rf8+ 64. Kg4 Nxb4 65. Rxb4
Kxc5 66. Re4 Kd6 67. a4 Ke7 68. a5 c5 69. a6 Ra8 70. Re5 Rxa6
71. Kf5 Ra1 72. Rxc5 Rf1+ 73. Ke5 Re1+ 74. Kd5 Rxe6 75. Rc7+
Kf6 1/2-1/2

[Event "FIDE Women's World Championship"]
[Site "Elista RUS"]
[Date "2004.05.25"]
[EventDate "2004.05.22"]
[Round "2.2"]
[Result "1/2-1/2"]
[White "Tatjana Vasilevich"]
[Black "Antoaneta Stefanova"]
[WhiteElo "2386"]
[BlackElo "2490"]
[PlyCount "120"]

1. d4 d5 2. c4 c6 3. Nf3 Nf6 4. Nc3 a6 5. Ne5 dxc4 6. Nxc4 b5
7. Ne5 Bb7 8. Bf4 e6 9. e3 Nbd7 10. Be2 c5 11. O-O cxd4
12. exd4 Nb6 13. a4 Nfd5 14. Nxd5 Nxd5 15. Bg3 b4 16. a5 Bd6
17. Qa4+ Ke7 18. Rfe1 Bxe5 19. dxe5 g5 20. f4 Kf8 21. f5 exf5
22. Rad1 Qe7 23. Rd4 Kg7 24. Bf3 Rhd8 25. Red1 Ne3 26. Rxd8
Bxf3 27. Rxa8 Bxa8 28. Qd7 Qc5 29. Qd6 Qc6 30. Qxc6 Bxc6
31. Rc1 Be4 32. Rc7 Kg6 33. Bf2 Nxg2 34. Ra7 Nf4 35. Rxa6+ Kh5
36. Rb6 Nd3 37. Bd4 Kg4 38. a6 Kf3 39. a7 Ke2 40. Rb8 Ne1
41. a8=Q Nf3+ 42. Kg2 Nxd4+ 43. Qxe4+ fxe4 44. Rf8 Nc6
45. Rxf7 Nxe5 46. Re7 Nc4 47. Rxe4+ Kd3 48. Re7 Nxb2 49. Rxh7
Nc4 50. Kg3 b3 51. Kg4 b2 52. Rb7 Kc2 53. Kxg5 Ne5 54. Kf4
Ng6+ 55. Kf5 Nh4+ 56. Kg4 Ng6 57. Kh5 Ne5 58. h3 b1=Q 59. Rxb1
Kxb1 60. Kh6 Nf3 1/2-1/2

[Event "FIDE Women's World Championship"]
[Site "Elista RUS"]
[Date "2004.05.25"]
[EventDate "2004.05.22"]
[Round "2.5"]
[Result "1/2-1/2"]
[White "Tatjana Vasilevich"]
[Black "Antoaneta Stefanova"]
[WhiteElo "2386"]
[BlackElo "2490"]
[PlyCount "93"]

1. d4 d5 2. c4 c6 3. Nf3 Nf6 4. Nc3 a6 5. Ne5 dxc4 6. a4 e6
7. e3 c5 8. Bxc4 Nbd7 9. Nf3 Be7 10. O-O O-O 11. Qe2 b6
12. Rd1 Qc7 13. h3 Bb7 14. b3 Rfe8 15. Bb2 cxd4 16. exd4 Nd5
17. Rac1 Nxc3 18. Bxc3 Qd6 19. Bb2 Nf6 20. Ne5 Bf8 21. Re1 a5
22. f4 Bd5 23. Bb5 Rec8 24. Qe3 Qd8 25. Nc6 Qd6 26. Ne5 Qd8
27. Nc6 Qd6 28. Ne5 Rxc1 29. Rxc1 Bb7 30. Bc4 Rc8 31. f5 Bd5
32. fxe6 fxe6 33. Rf1 Be7 34. Bb5 Rf8 35. Bc4 Nd7 36. Rxf8+
Bxf8 37. Qf4 Nxe5 38. dxe5 Qc6 39. Bxd5 Qxd5 40. Qf3 Bc5+
41. Kh2 Qd2 42. Qa8+ Kf7 43. Qb7+ Kg8 44. Qa8+ Kf7 45. Qb7+
Kg8 46. Qa8+ Kf7 47. Qb7+ 1/2-1/2

[Event "FIDE Women's World Championship"]
[Site "Elista RUS"]
[Date "2004.05.26"]
[EventDate "2004.05.22"]
[Round "3.1"]
[Result "1/2-1/2"]
[White "Natalia Zhukova"]
[Black "Antoaneta Stefanova"]
[WhiteElo "2471"]
[BlackElo "2490"]
[PlyCount "20"]

1. Nf3 d5 2. g3 c6 3. Bg2 Nf6 4. O-O Bg4 5. b3 Nbd7 6. Bb2 e6
7. d3 Be7 8. Nbd2 O-O 9. h3 Bh5 10. c4 a5 1/2-1/2

[Event "FIDE Women's World Championship"]
[Site "Elista RUS"]
[Date "2004.05.27"]
[EventDate "2004.05.22"]
[Round "3.3"]
[Result "1-0"]
[White "Antoaneta Stefanova"]
[Black "Natalia Zhukova"]
[WhiteElo "2490"]
[BlackElo "2471"]
[PlyCount "153"]

1. d4 e6 2. g3 c5 3. Nf3 Nf6 4. Bg2 Nc6 5. O-O Qb6 6. dxc5
Bxc5 7. Nc3 Bb4 8. Na4 Qa6 9. c3 Be7 10. b4 d5 11. Be3 b6
12. a3 Bd7 13. Nb2 O-O 14. Re1 Rfd8 15. Qb3 Rac8 16. Bf4 Ne4
17. Nd2 Nxd2 18. Bxd2 Ne5 19. a4 Nc4 20. Nxc4 dxc4 21. Qc2
Bxa4 22. Qxa4 Qxa4 23. Rxa4 Rxd2 24. Rxa7 Bf6 25. Rc1 g6
26. Rb7 Rd6 27. b5 Rcd8 28. Bf1 Rd1 29. Rxd1 Rxd1 30. Rxb6 Rb1
31. Rc6 Rxb5 32. Rxc4 Kg7 33. Rc7 Be5 34. Rc8 Bd6 35. Rd8 Bc7
36. Rd1 Be5 37. c4 Ra5 38. e3 Kf6 39. Kg2 Ke7 40. Rb1 h5
41. h4 Ra3 42. Be2 Rc3 43. Rb7+ Kf6 44. Ra7 Rc2 45. Bd3 Rc3
46. Rd7 Rc1 47. Kf3 Bc3 48. Rb7 Be5 49. Ke2 Bd6 50. Rb6 Bc5
51. Rb5 Be7 52. Kd2 Ra1 53. c5 Ra2+ 54. Bc2 Ra7 55. c6 Rc7
56. Be4 Bd6 57. Kd3 Ke7 58. Kc4 Ra7 59. Rb2 Ra4+ 60. Kd3 Bc7
61. Bf3 Kd6 62. Ke2 Ke7 63. Kd3 Kd6 64. Kc3 Kc5 65. Kd2 Rb4
66. Ra2 e5 67. Ra7 Kd6 68. Kc3 Rb1 69. Ra2 f5 70. Rd2+ Kc5
71. Rd7 e4 72. Bxe4 Be5+ 73. Kc2 Rb2+ 74. Kc1 fxe4 75. c7 Bxc7
76. Kxb2 Ba5 77. Kc2 1-0